MARC

LEADER 00000nam0a2200000 4500
001 304478
005 20231101010534.0
020 |a RU  |b 83-41589 
035 |a (RuTPU)RU\TPU\book\329725 
090 |a 304478 
100 |a 20150914d1983 km y0rusy5003 ca 
101 0 |a rus 
102 |a RU 
105 |a a z 001zy 
200 1 |a Применение промышленных роботов и манипуляторов в производстве  |f Е. П. Черков 
210 |a Ленинград  |c Изд-во ЛДНТП  |d 1983 
215 |a 19 с.  |c ил. 
225 1 |a В помощь лектору 
320 |a Библиогр.: с. 17-18 
606 1 |a Манипуляторы  |2 stltpush  |3 (RuTPU)RU\TPU\subj\40981 
610 1 |a промышленные роботы 
610 1 |a применение 
610 1 |a развитие 
610 1 |a робототехника 
610 1 |a внедрение 
610 1 |a производственные процессы 
610 1 |a автоматизация 
675 |a 621.865.8  |z rus  |v 4 
700 1 |a Черков  |b Е. П.  |4 070 
801 0 |a RU  |b RuMRKP  |c 19950704  |g psbo 
801 1 |a RU  |b 63413507  |c 20150914 
801 2 |a RU  |b 63413507  |c 20171004  |g RCR 
942 |c BK